Länder, die Costa Rica am Nächsten Liegen - Sudden Death - Statistiken

Allgemein
  • Dieses Quiz wurde 47 mal gespielt
  • Das Durchschnittsergebnis liegt bei 9 aus 15
Answers on the Grid
Answers color-coded by a green-red scale on the quiz's grid according to % correct below.
Nicaragua
Panama
Honduras
Kolumbien
El Salvador
Guatemala
Belize
Ecuador
Mexiko
Jamaika
Venezuela
Kuba
Peru
Haiti
Dominikanische Republik
Vereinigte Staaten
Kanada
Bahamas
Brasilien
Argentinien
Bolivien
Uruguay
Paraguay
Chile
Kiribati
Salomonen
Neuseeland
Mauretanien
Saint Lucia
Barbados
 
Antwortstatistiken
Antwort % Korrekt
El Salvador
85%
Belize
77%
Mexiko
69%
Nicaragua
69%
Panama
69%
Guatemala
62%
Jamaika
62%
Kolumbien
62%
Kuba
62%
Venezuela
62%
Dominikanische Republik
54%
Haiti
54%
Honduras
54%
Peru
46%
Ecuador
38%
Keine übereinstimmenden Quizze gefunden
Verteilung der Resultate
Anzahl Personen mit jedem Resultat
Perzentil nach korrekt beantworteten Fragen
Ihre Resultats-Entwicklung
Sie haben dieses Quiz noch nicht gespielt